000 00890cam a2200265 a 4500
001 000001651
005 20200929145642.0
008 940706s1992 sp ac 000 f spa d
020 _a8470396447
082 _a863.6
_bS714c
100 1 _aSoriano, Elena,
_d1917-1996
_95387
245 1 0 _aCaza menor /
_cElena Soriano ; edición, introducción y notas de Concha Alborg.
260 _aMadrid :
_bCastalia ;
_bInstituto de la Mujer,
_c1992.
300 _a459 p. :
_bil., retrs., ;
_c20 cm.
490 1 _aBiblioteca de escritoras
_v29
504 _aIncluye referencias bibliográficas y notas al pie de las páginas.
650 4 _aNovela española
_91123
650 4 _aLiteratura española
_9632
700 1 _aAlborg, Concha,
_eed.
_95388
830 0 _aBiblioteca de escritoras;
_v29
_95389
910 _aCatalogación por copia / LC
910 _aWM
049 _aBNGR
999 _c1538
_d1538
040 _aDO-SdBNP